| 000 | 00834nam a22001937a 4500 | ||
|---|---|---|---|
| 999 |
_c194170 _d194170 |
||
| 005 | 20230130104315.0 | ||
| 010 | _aB-747249-254 E.N.A./7.11.22 | ||
| 020 |
_a9789355011886 _c1299.00 |
||
| 035 | _aB-747249-254 | ||
| 037 | _bAKPD | ||
| 082 | _a330 | ||
| 100 | _aAhuja, L H | ||
| 245 |
_aModern Economics: _bAn Analytical Study 20th Edition/ _cH L Ahuja |
||
| 260 |
_aNew Delhi _bS Chand And Company Limited _c2022 |
||
| 270 |
_aBlock B-1, House No.D-1, Ground Floor, Mohan Co-operative Industrial Estate, _bNew Delhi _e110044 _k011-66672000 |
||
| 300 |
_axxiii,1752p. _c25cm(hbk) |
||
| 942 |
_2ddc _cEN _mAHU _h330 |
||